| 000 | 00689nam a2200193Ia 4500 | ||
|---|---|---|---|
| 003 | OSt | ||
| 005 | 20240814121829.0 | ||
| 008 | 210210b1972 xxu||||| |||| 00| 0 eng d | ||
| 040 | _cAL | ||
| 041 | _aKannada | ||
| 082 | _aK494.5 GURB | ||
| 100 |
_aGURURAJA (B Joshi) _dಗುರುರಾಜ (ಬಿ ಜೋಶಿ) _9177286 |
||
| 245 |
_aBharatiya shabdavyutpattiyalli spotada stana: Manvanthara. _bಭಾರತೀಯ ಶಬ್ದವ್ಯುತ್ಪತ್ತಿಯಲ್ಲಿ ಸ್ಪೋಟದ ಸ್ಥಾನ: ಮನ್ವಂತರ. |
||
| 260 |
_aDharavada _bManvantara prakashana _c1972 |
||
| 300 | _a114 | ||
| 690 |
_aKannada Grammar _9177287 |
||
| 906 | _a049305 | ||
| 942 |
_2ddc _cBK |
||
| 999 |
_c98380 _d98380 |
||